Hulpmiddel voor de jeugd, om hare gedachten behoorlyk op papier te leeren brengen
Saved in:
| Main Author: | |
|---|---|
| Format: | Unknown |
| Language: | Dutch |
| Published: |
Gent
By Snoeck-Ducaju en zoon, drukkers
s.d. [1844] (I)
|
| Textbook Catalogue: | MANES: Library Catalog Search Result |
| Textbook Classification: | |
| Subjects: | |
| Tags: |
Add Tag
No Tags, Be the first to tag this record!
|
| Added to: | 2016-04-26 |
MARC
| LEADER | 000000000a22000000004500 | ||
|---|---|---|---|
| 001 | 23012 | ||
| 008 | 160427s be ||||| |||| 00| 0 dut d | ||
| 040 | |a manes |c manes | ||
| 041 | |a Neerlandés | ||
| 100 | 1 | |a J. B. V. D. L. | |
| 245 | 0 | 0 | |a Hulpmiddel voor de jeugd, om hare gedachten behoorlyk op papier te leeren brengen |
| 260 | 3 | |a Gent |b By Snoeck-Ducaju en zoon, drukkers |c s.d. [1844] (I) | |
| 300 | |a 38 p. | ||
| 546 | |a Bélgica | ||
| 655 | 7 | |a Primaria |a Secundaria | |
| 942 | |2 ddc |c BK | ||
| 999 | |c 45340 |d 45340 | ||
| 999 | |c manes:45340 |d 45340 | ||